| 000 | 02329cgm a2200577 a 4500 | ||
|---|---|---|---|
| 005 | 20260322212048.0 | ||
| 007 | data | ||
| 008 | data | ||
| 020 | _a9781608831661 | ||
| 020 | _a1608831663 | ||
| 024 | 1 | _a841887011693 | |
| 028 | 4 | 2 |
_aTEMO601 _bPBS |
| 040 |
_aTEFMT _cTEFMT _dCOU _dTEF _dNED _dDVP _dTEFMT _dCOU |
||
| 041 | 0 | 9 | _aeng |
| 042 | _anlmcopyc | ||
| 044 | _9United States | ||
| 050 | 1 | 4 |
_aBF531 _b.T45 2010 |
| 060 | 0 | 0 | _a2010 AV-0042 |
| 060 | 1 | 0 | _aBF 531 |
| 082 | 0 | 4 |
_a152.4 _222 |
| 099 | _aDVD WM 420.5.E3 E468 | ||
| 245 | 1 | 0 |
_aThis emotional life _h[videorecording] / _cDaniel Todd Gilbert ... [et al.]. |
| 260 |
_aAlexandria, VA : _b[Distributed by] PBS, _cc2009. |
||
| 300 |
_a3 videodiscs (360 min.) : _bsd., col. ; _c4 3/4 in. |
||
| 500 | _aTitle from container. | ||
| 500 | _aOriginally broadcast as a 3 part television series January 4-6, 2010 on PBS. | ||
| 500 | _aAdditional resources: Importance of early attachment ; how to build enduring relationships ; stress depression ; post traumatic stress discorder (PTSD) ; grief ; resilience ; finding happiness. | ||
| 505 | 0 | _adisc 1. Family, friends, & lovers (114 min.) -- disc 2. Facing our fears (114 min.) -- disc 3. Rethinking happiness (114 min.). | |
| 508 | _aWriters, Daniel Gilbert, Jesse Sweet, Chana Gazit, and Jack Youngelson ; directors, Chana Gazit and Jack Youngelson, original music by Michael Bacon. | ||
| 511 | 0 | _aHost, Daniel Gilbert. | |
| 520 | _aThis program explores ways to improve our social relationships, cope with emotional issues, and become more positive, resilient individuals in these difficult times. | ||
| 521 | 8 | _aRating: TV-PG. | |
| 538 | _aDVD ; widescreen ; NTSC ; Region 1 ; Stereo. | ||
| 546 | _aIn English ; Closed-captioned. | ||
| 546 | _aClosed captioned for the hearing impaired. | ||
| 650 | 1 | 2 | _aEmotions |
| 650 | 2 | 2 | _aMental Health |
| 650 | 2 | 2 | _aInterpersonal Relations |
| 650 | 2 | 2 | _aHappiness |
| 700 | 1 | _aGilbert, Daniel Todd. | |
| 700 | 1 | _aSweet, Jesse. | |
| 700 | 1 | _aGazit, Chana. | |
| 700 | 1 | _aYoungelson, Jack. | |
| 710 | 2 |
_aWGBH (Television station : Boston, Mass.). _bScience Unit. |
|
| 710 | 2 | _aVulcan Productions. | |
| 710 | 2 | _aPublic Broadcasting Service (U.S.) | |
| 992 |
_pP2 _eEF _a20100303 |
||
| 993 |
_aMXH _b20101028 |
||
| 994 |
_aCDN _b20101028 |
||
| 001 | data | ||
| 999 |
_c1146 _d1146 |
||